Zmeny v oblasti korporátnej dane v Severských krajinách bakalárska práca

Gespeichert in:
Bibliographische Detailangaben
1. Verfasser: Sedlár, Dominik
Körperschaft: Národohospodárska fakulta EU. Katedra financií
Weitere Verfasser: Mazán, Tomáš, 1996-
Format: Buch
Sprache:Slowakisch
Veröffentlicht: Bratislava 2025
Tags: Tag hinzufügen
Keine Tags, Fügen Sie das erste Tag hinzu!

MARC

LEADER 00000nbm a2200000 4500
001 0309473
005 20251015124519.3
041 0 |a slo 
044 |a SK 
245 1 0 |a Zmeny v oblasti korporátnej dane v Severských krajinách  |b bakalárska práca  |c Dominik Sedlár ; školiteľ: Tomáš Mazán 
264 1 |a Bratislava  |c 2025 
300 |a 46 s. 
100 1 |a Sedlár, Dominik 
700 1 |a Mazán, Tomáš, 1996- 
710 2 |a Národohospodárska fakulta EU. Katedra financií